000
00228 a2200097 4500
001
43030
100
_a
Abbott P
245
_a
The development of Mathematics
260
_a
London
_b
Mc Graw Hill Book Co
_c
090
_c
26900
_d
26900
942
_a
NUST-CAE
_c
M
_c
18781
999
_c
278103
_d
278103